Discurso de Don Federico Gamboa, en la velada con que la Academia Mexicana correspondiente de la Real Academia Española, honró la noche del 4 de octubre al Excmo. Sr. Dr. D. Antonio Gómez Restrepo, embajador extraordinaria de Colombia en el Centenario de

Detalles Bibliográficos
Autor principal: Gamboa, Federico, 1864-1939
Otros Autores: Gómez Restrepo, Antonio, 1869-1946
Formato: Libro
Lenguaje:Undetermined
Spanish
Publicado: México 1921
Materias:
Colección:Banco de datos
Acervo:Biblioteca Fenando Tola de Habich. Colección bibliográfica
Descripción Física:13 p., [1] h. 19 cm.
Tema general:Literatura México Independencia
LEADER 00779nam a2200169Ia 4500
008 150723s9999 xx 000 0 und d
041 0 |a spa  
100 1 |a Gamboa, Federico, 1864-1939 
245 1 0 |a Discurso de Don Federico Gamboa, en la velada con que la Academia Mexicana correspondiente de la Real Academia Española, honró la noche del 4 de octubre al Excmo. Sr. Dr. D. Antonio Gómez Restrepo, embajador extraordinaria de Colombia en el Centenario de  
260 |a México  |b Eusebio Gómez de la Puente, editor  |c 1921 
300 |a 13 p., [1] h.  |c 19 cm. 
650 1 0 |a Literatura México Independencia 
700 1 |a Gómez Restrepo, Antonio, 1869-1946  
852 |a 1603 
942 |c TOLALIB 
943 |g Biblioteca Fenando Tola de Habich. Colección bibliográfica 
999 |c 990943  |d 990943